00485nam a2200157Ia 4500008004100000041000800041082001400049100002800063245002900091250001200120260004900132650002700181942000700208952009700215999001500312230711s9999||||xx |||||||||||||| ||und|| aENG a624bCA-M aCadd Center Traning Prt 0aMechanical cadd workbook a1st Ed. c2001aNew DelhibCadd Center Traning Pvt Ltd aMechanical Engineering cBK 001040708CaMCLbMCLd0000-00-00l0o624 CA-Mp13534r2023-08-17 14:03:35w2023-08-17yBK c4040d4040